MARC

LEADER 00000nam0a2200000 4500
001 377876
005 20231102012946.0
035 |a (RuTPU)RU\TPU\retro\35330 
090 |a 377876 
100 |a 20230407d1979 m y0rusy50 ca 
101 0 |a rus 
102 |a RU 
105 |a a z 001zy 
200 1 |a Виды искусства  |f А. Я. Зись 
210 |a Москва  |c Знание  |d 1979 
215 |a 128 с.  |c ил. 
225 1 |a Знание 
225 1 |a Народный университет. Факультет литературы и искусства 
320 |a Библиогр.: с. 127 
606 1 |a Искусство  |2 stltpush  |3 (RuTPU)RU\TPU\subj\13187  |9 39838 
610 1 |a виды 
610 1 |a классификация 
610 1 |a художественная литература 
610 1 |a изобразительное искусство 
610 1 |a выразительные искусства 
610 1 |a синтетические искусства 
675 |a 7  |v 4 
700 1 |a Зись  |b А. Я.  |g Авнер Яковлевич 
801 1 |a RU  |b 63413507  |c 20230407 
942 |c BK